000 00358nam a2200145Ia 4500
008 240729s9999 xx 000 0 und d
022 _a1536-5964
245 0 _aMedicine
260 _aUnited States
260 _bWolters Kluwer
650 _aMedicine
856 _uhttps://doaj.org/toc/2d39367951134c05a1eeb54aaa2e8b66
942 _2ddc
942 _cDOAJEJ
999 _c68542
_d68542
945 _a1
_bMadushi Gamage
_c1
_dMadushi Gamage